000 00209 a2200109 4500
020 _a9788497540322
041 _aspa
100 _aDavid Suzuki
245 _aDescubre los Sentidos
942 _cBK
952 _71
999 _c23122
_d23122